[Event "Oldie Clash (2h/40)"]
[Site "Hannover"]
[Date "2014.02.08"]
[Round "6"]
[White "Saitek Turbo King B (EGR)"]
[Black "Saitek Simultano C"]
[Result "0-1"]
[WhiteElo "1849"]
[BlackElo "1849"]
[EventDate "2013.06.21"]

1.e4 e5 2.Nf3 Nc6 3.Bb5 Nf6 4.O-O {Letzter Buchzug Weiss} 4...d6 5.d4 Bd7 
{Letzter Buchzug Schwarz} 6.Nc3 a6 7.Bxc6 Bxc6 8.d5 Bd7 9.Bg5 Be7 10.Bxf6 
Bxf6 11.Qd3 O-O 12.Qc4 Bg4 13.Ne1 Qd7 14.h3 Bh5 15.Nd3 Bg5 16.a4 Bd2 17.
Nb1 Bg5 18.Nc3 Rab8 19.a5 Kh8 20.Qa4 Qe7 21.Rab1 Bd2 22.f4 Be3+ 23.Kh1 
exf4 24.Nxf4 Bg6 25.Qc4 Rbe8 26.Nxg6+ fxg6 27.Rbd1 Rb8 28.b3 Rbe8 29.Qb4 
b5 30.Rxf8+ Rxf8 31.Nb1 Rf2 32.e5 Qg5 33.Qe4 Qxe5 34.Qg4 Qf5 35.Qxf5 gxf5 
36.Re1 f4 37.c3 Kg8 38.b4 Kf7 39.h4 Kf6 40.g3 Kf5 41.gxf4 Bxf4 42.Kg1 Rc2 
43.Kh1 Bg3 44.Rf1+ Ke5 45.Rf7 Bxh4 46.Rxg7 Rc1+ 47.Rg1 Rxg1+ 48.Kxg1 Kxd5 
49.Kf1 c5 50.Na3 Bf6 51.c4+ bxc4 52.b5 axb5 53.a6 Kc6 54.Nxb5 d5 55.Ke2 
Be5 56.Kd1 h5 57.Kd2 h4 58.Ke2 h3 59.a7 Kb7 60.a8=Q+ Kxa8 61.Kf2 d4 62.Na3
c3 63.Kf3 h2 64.Kg2 d3 65.Nc4 c2 66.Nxe5 h1=Q+ 67.Kxh1 c1=Q+ 68.Kg2 Qb2+ 
69.Kf3 Qxe5 0-1

[Event "Oldie Clash (2h/40)"]
[Site "Hannover"]
[Date "2014.02.09"]
[Round "6"]
[White "Mephisto B&P"]
[Black "Fidelity Par Excellence"]
[Result "1-0"]
[WhiteElo "1757"]
[BlackElo "1911"]
[EventDate "2013.06.21"]

1.d4 d5 2.c4 Nc6 3.Nf3 Bg4 4.cxd5 Bxf3 5.gxf3 Qxd5 {Letzter Buchzug 
Schwarz} 6.e3 {Letzter Buchzug Weiss} 6...Qa5+ 7.Bd2 Qh5 8.Nc3 O-O-O 9.d5 
Ne5 10.Be2 Qg6 11.Rf1 e6 12.dxe6 fxe6 13.e4 Nc6 14.f4 Bb4 15.Bf3 Nge7 16.
a3 Bc5 17.e5 Qd3 18.Be4 Qh3 19.Qf3 Qxf3 20.Bxf3 Nd4 21.Bd1 Nef5 22.Be3 Nh4
23.Rh1 Ng2+ 24.Kf1 Nxe3+ 25.fxe3 Nf5 26.e4 Ne3+ 27.Ke2 Rhf8 28.Bb3 Rxf4 
29.Rac1 Ng2 30.Bxe6+ Kb8 31.Rhf1 Rh4 32.Kf3 Rxh2 33.Kg3 Rh6 34.Bd5 Rg6+ 
35.Kh3 Ne3 36.Rf7 c6 37.Ba2 Rd2 38.Ne2 b6 ( { [Stockfish DD 64 SSE4.2] 
23:M-9} 38...Rxe2 39.Rxc5 Reg2 40.Rf8+ Kc7 41.Rf7+ Kb6 42.Rxc6+ bxc6 43.
Rf4 R6g3+ 44.Kh4 g5+ 45.Kh5 Rh3+ 46.Rh4 Rxh4# ) 39.Nf4 Rh6+ 40.Kg3 g5 41.
Kf3 gxf4 42.Rxc5 bxc5 ( { [Stockfish DD 64 SSE4.2] 29:-10.70} 42...Rh3+ 
43.Kxf4 Rf2+ 44.Kg5 Rg3+ 45.Kh4 Rg4+ 46.Kh3 Rxf7 47.Bxf7 bxc5 48.e6 Rxe4 
49.Kg3 Nf1+ ) 43.e6 Ng2 ( { [Stockfish DD 64 SSE4.2] 29:-5.97} 43...Nd1 
44.Kxf4 Rh4+ 45.Ke5 Nxb2 46.e7 Nd3+ 47.Kf6 Rxe4 48.Bb1 Rf2+ 49.Kg7 ) 44.e7
Ne1+ ( { [Stockfish DD 64 SSE4.2] 32:+0.00} 44...Nh4+ 45.Kxf4 Ng6+ 46.Ke3 
Nxe7 47.Kxd2 Ng6 48.Be6 Rh2+ 49.Kc3 Ne5 50.Re7 h5 51.Bd7 Nxd7 52.Rxd7 h4 
53.Rh7 h3 54.e5 Re2 55.Rxh3 Rxe5 56.Rh7 Re2 57.b3 Rg2 58.Re7 Rg4 59.a4 a5 
60.Re5 Kc7 61.Rxc5 Rg3+ ) 45.Kg4 Rg2+ 46.Kf5 Rh5+ 47.Ke6 Rh6+ 48.Rf6 Rxf6+
49.Kxf6 Kb7 50.e8=Q f3 51.Be6 Rg6+ 52.Kf7 a6 53.Qc8+ Kb6 54.Qb8+ Ka5 55.
Qc7+ Ka4 56.Qxc6+ Ka5 57.Qxc5+ Ka4 58.Qb4# 1-0

[Event "Oldie Clash (2h/40)"]
[Site "Hannover"]
[Date "2014.02.12"]
[Round "6"]
[White "Mephisto MM IV"]
[Black "Novag Super Forte A"]
[Result "0-1"]
[WhiteElo "1967"]
[BlackElo "1963"]
[EventDate "2013.06.21"]

1.d4 d5 2.c4 c6 3.cxd5 cxd5 4.Nf3 Nf6 5.Nc3 Nc6 6.Bf4 {Letzter Buchzug 
Weiss} 6...e6 7.e3 Be7 {Letzter Buchzug Schwarz} 8.Bb5 O-O 9.O-O Bd7 10.
Bd3 Rc8 11.a3 Nh5 12.Bg3 Nxg3 13.fxg3 Bf6 14.Rc1 Qe7 15.Bc2 Bg5 16.Nxg5 
Qxg5 17.Qd3 f5 18.b4 g6 19.Rce1 Rc7 20.Ba4 Ne7 21.Nb5 Bxb5 22.Qxb5 Rfc8 
23.Rf4 Qf6 24.Rf2 Qg7 25.Ref1 b6 26.Bd1 Rc6 27.Re1 Qf6 28.Qa4 R6c7 29.b5 
Qg7 30.Bf3 Qf6 31.Rfe2 h6 32.Rd1 Kg7 33.Ree1 Kh8 34.Kh1 Qg7 35.Re2 Ng8 36.
Qb4 Rc4 37.Qd6 Qe7 38.Qe5+ Kh7 39.g4 Nf6 40.gxf5 gxf5 41.Ra2 Rc1 42.a4 
Rxd1+ 43.Bxd1 Rc1 44.g3 Rxd1+ 45.Kg2 Ne4 46.Rc2 Rd2+ 47.Rxd2 Nxd2 48.Qf4 
Nc4 49.h3 Qb4 50.g4 Qd2+ 51.Kf3 fxg4+ 52.Kxg4 Qg2+ 53.Kh4 Nd6 54.e4 dxe4 
55.Qg4 Nf5+ 56.Kh5 Ng7+ 57.Kh4 Qf2+ 58.Qg3 Qf6+ 59.Kg4 h5# 0-1

[Event "Oldie Clash (2h/40)"]
[Site "Hannover"]
[Date "2014.02.18"]
[Round "6"]
[White "Mephisto Monte Carlo I"]
[Black "Mephisto MM II"]
[Result "0-1"]
[WhiteElo "1888"]
[BlackElo "1840"]
[EventDate "2013.06.21"]

1.Nf3 d5 2.c4 d4 {Letzter Buchzug Schwarz} 3.g3 {Letzter Buchzug Weiss} 
3...Nc6 4.d3 e5 5.Bg2 Bf5 6.Qb3 Bb4+ 7.Bd2 Qd6 8.Nxe5 Bxd2+ 9.Nxd2 Nxe5 
10.Qxb7 Rd8 11.Qxa7 Nf6 12.c5 Qe7 13.O-O O-O 14.Nb3 Be6 15.Qa4 Bxb3 16.
Qxb3 Qxc5 17.Rfc1 Qe7 18.Qb7 Rd7 19.Bh3 Neg4 20.Qf3 h5 21.Rc2 Qe5 22.Rac1 
Re7 23.Bg2 Nh7 24.h3 Ngf6 25.b4 Rb8 26.a3 Ng5 27.Qc6 Qf5 28.Qc5 Qxc5 29.
Rxc5 Ne6 30.Rf5 Nd8 31.Bf3 Rb6 32.Ra5 g6 33.Ra8 Rd6 34.Rc6 Red7 35.Rc4 Kg7
36.b5 Ne6 37.Bc6 Re7 38.Ra7 Nd7 39.Rc1 Ne5 40.Bg2 f5 41.Rc2 Kf6 42.a4 Rb6 
43.f4 Nf7 44.Rb2 h4 45.a5 Rb8 46.Bd5 hxg3 47.Bxe6 Kxe6 48.b6 cxb6 49.axb6 
Nd6 50.Kg2 Nc8 51.Ra6 Reb7 52.Kf3 Rxb6 53.Kxg3 Kf7 54.Raxb6 Rxb6 55.Rc2 
Nd6 56.Kh4 Kg7 57.Kg3 Kh6 58.Kf2 Rb7 59.Ke1 Kh5 60.Kf2 Kh4 61.Rc6 Rd7 62.
Kg2 Kh5 63.Kg3 Nb5 64.Rc8 Rh7 65.Kf2 Nc7 66.Kg3 Ne6 67.Re8 Nc5 68.Rd8 Nb3 
69.Rc8 Kh6 70.Re8 Nc1 71.Kf2 Rc7 72.h4 Kh5 73.Kf3 Rh7 74.Kg3 Rh6 75.Re5 
Rh8 76.Re6 Nb3 77.Re7 Nc5 78.Ra7 Ne6 79.Kf3 Kh6 80.Re7 Nc5 81.Rc7 Ne6 82.
Re7 Nd8 83.Rd7 Nc6 84.Rd6 Rc8 85.Kf2 Rc7 86.Kg2 Kh7 87.Kg3 Kg7 88.h5 gxh5 
89.Kh4 Kf7 90.Kg5 Ke7 91.Rh6 Nb4 92.Kxf5 Rc2 93.Re6+ Kf7 94.Rf6+ Ke8 95.
Re6+ Kd7 96.Re4 Rc5+ 97.Kf6 Nd5+ 98.Kf7 Nc3 99.Re7+ Kc8 100.Re8+ Kc7 101.
Re6 h4 102.Re7+ Kc8 103.Kg6 Nd5 104.Rf7 h3 105.f5 Rc2 106.f6 Rxe2 107.Rh7 
Re6 108.Kf5 Nxf6 109.Rxh3 Rd6 110.Rh6 Ne8 111.Rxd6 Nxd6+ 112.Ke5 Nb5 113.
Kd5 Kb7 114.Kc5 Ka6 115.Kc4 Kb6 116.Kd5 Ka5 117.Kc5 Ka4 118.Kc4 Ka3 119.
Kxb5 Kb3 120.Kc6 Kc2 121.Kd6 Kxd3 122.Kd5 Ke3 123.Kc4 d3 124.Kb3 d2 125.
Kc2 Ke2 126.Kc3 d1=Q 0-1

[Event "Oldie Clash (2h/40)"]
[Site "Hannover"]
[Date "2014.03.03"]
[Round "6"]
[White "SciSys Turbostar 432 KSO"]
[Black "Krypton Regency"]
[Result "1-0"]
[WhiteElo "1825"]
[BlackElo "1817"]
[EventDate "2013.06.21"]

1.c4 c5 2.Nf3 {Letzter Buchzug Weiss} 2...b6 3.d4 cxd4 {Letzter Buchzug 
Schwarz} 4.Bf4 Ba6 5.Bxb8 Qxb8 6.Qxd4 Qc7 7.e3 Nf6 8.Nbd2 Bb7 9.Be2 d6 10.
O-O e5 11.Qh4 Be7 12.h3 O-O 13.Rfd1 Rac8 14.Qg3 Rfd8 15.a3 h6 16.Kf1 a6 
17.a4 Rd7 18.Kg1 a5 19.Qh2 Rdd8 20.Qg3 Ne4 21.Nxe4 Bxe4 22.Nd2 Bc6 23.Bg4 
Bd7 24.Bxd7 Rxd7 25.b3 Qc6 26.Qg4 Rdc7 27.Ne4 Qd7 28.Qxd7 Rxd7 29.Nc3 Bd8 
30.Kf1 Kf8 31.Nd5 Rb7 32.Ke2 Bg5 33.f4 Bh4 34.f5 g6 35.fxg6 fxg6 36.Rf1+ 
Kg7 37.Rad1 Rd8 38.Kd3 Rf7 39.Rxf7+ Kxf7 40.Rf1+ Ke6 41.Nc7+ Kd7 42.Rf7+ 
Kc6 43.Nd5 Rd7 44.Rxd7 Kxd7 45.Nxb6+ Kc6 46.Nd5 Kc5 47.Ke2 Bg3 48.Kd2 Bh4 
49.Kc3 Be1+ 50.Kc2 Bf2 51.Kd1 Bh4 52.Kd2 Bg5 53.Ke2 Bh4 54.Kd3 Bd8 55.g3 
Bg5 56.Ke2 Bd8 57.Kd3 Bg5 58.Ke4 Bd8 59.Kf3 Kc6 60.g4 Bh4 61.Ke2 Kc5 62.
Kd3 Bd8 63.Kc3 Bh4 64.Kc2 Bg5 65.Kd2 Bh4 66.Ke2 Bd8 67.Kf2 Bh4+ 68.Kf1 Bg5
69.Ke2 Bh4 70.Kd2 Bd8 71.Kd3 Bh4 72.Kc3 Be1+ 73.Kc2 Bf2 74.Kd1 Bh4 75.Kc1 
Bd8 76.Kb2 Bh4 77.Kb1 Be1 78.Kc1 Bh4 79.Kd1 Bd8 80.Ke1 Bg5 81.Kd2 Bh4 82.
Nc3 Kb4 83.Kc2 Kc5 84.Ne4+ Kc6 85.Kd3 Be7 86.Nc3 Bg5 87.Nd5 Kc5 88.Ke4 Bh4
89.Kd3 Bg5 90.Kc2 Bh4 91.Kb2 Bg5 92.Kb1 Bd8 93.Ka2 h5 94.gxh5 gxh5 95.Kb2 
Bg5 96.Kc3 Bh4 97.Kd3 Bd8 98.Ke4 Bh4 99.Kf5 Be1 100.Kg5 h4 101.Kf5 Bb4 
102.Kg4 Be1 103.Kg5 Bg3 104.Kf5 Be1 105.Kg4 Bg3 106.Kg5 Be1 107.Kh5 Bg3 
108.Kg6 Be1 109.Kf6 Bb4 110.Ke6 Ba3 111.Kd7 Bc1 112.Ke7 Ba3 113.Ke6 Bc1 
114.Kf5 Bd2 115.Ke4 Be1 116.Kf3 Bg3 117.Ke2 e4 118.Kd2 Be5 119.Kc2 Kc6 
120.Kd1 Kc5 121.Kd2 Bg7 122.Kc2 Bh6 123.Kd1 Bg7 124.Ke2 Bb2 125.Ke1 Bh8 
126.Kf2 Be5 127.Kf1 Bg7 128.Kg1 Bb2 129.Kg2 Bh8 130.Kh1 Bg7 131.Kh2 Be5+ 
132.Kg1 Bb2 133.Kf2 Be5 134.Ke2 Bg7 135.Kf1 Be5 136.Kf2 Bg7 137.Ke2 Bb2 
138.Kd2 Be5 139.Kc1 Bg7 140.Kb1 Kc6 141.Ne7+ Kd7 142.Nf5 Bf6 143.Kc2 Ke6 
144.Nd4+ Kd7 145.Kd2 Bg5 146.Ke2 Bf6 147.Kd1 Bg5 148.Kd2 Bf6 149.Ne2 Ke6 
150.Nf4+ Ke5 151.Nd5 Bd8 152.Kc3 Ke6 153.b4 axb4+ 154.Kxb4 Bg5 155.a5 Kd7 
156.Kb5 Bh6 157.a6 Bxe3 158.Nxe3 Kc7 159.Nd5+ Kc8 160.Kb6 Kd7 161.a7 e3 
162.a8=Q e2 163.Qa1 Ke8 164.Qh8+ Kf7 165.Qf6+ Kg8 166.Ne7+ Kh7 167.Qg6+ 
Kh8 168.Qh6# 1-0

[Event "Oldie Clash (2h/40)"]
[Site "Hannover"]
[Date "2014.04.24"]
[Round "6"]
[White "Mephisto Modena"]
[Black "Mephisto Monte Carlo IV"]
[Result "1/2-1/2"]
[WhiteElo "1916"]
[BlackElo "1921"]
[EventDate "2013.06.21"]

1.Nf3 d5 2.d4 e6 3.c4 Nf6 4.Nc3 Be7 5.Bf4 O-O 6.e3 c5 7.dxc5 Nc6 8.cxd5 
exd5 {Letzter Buchzug Schwarz} 9.Be2 Bxc5 10.O-O {Letzter Buchzug Weiss} 
10...Bf5 11.Rc1 b6 12.Bg5 d4 13.Bxf6 Qxf6 14.Nd5 Qd6 15.exd4 Nxd4 16.Nxd4 
Qxd5 17.Nxf5 Qxf5 18.Bd3 Qg5 19.Qc2 g6 20.Bc4 Rad8 21.Rfd1 Rfe8 22.a3 Bd4 
23.a4 Qf4 24.Bb5 Re5 25.b3 Rh5 26.h3 Rhd5 27.Rf1 Bc5 28.Be2 Rd2 29.Qc4 
R8d4 30.Qa6 Rd7 31.a5 h6 32.Ra1 bxa5 33.Qc8+ Bf8 34.Bc4 Rd8 35.Qa6 Bd6 36.
g3 Qf5 37.Rxa5 Qxh3 38.Qxa7 Rd7 39.Qe3 Be7 40.Ra8+ Bd8 41.Qe8+ Kg7 42.Bxf7
Rxf7 43.Rxd8 Rxd8 44.Qxd8 Rd7 45.Qe8 Rf7 46.b4 Rf8 47.Qe5+ Kh7 48.Qe7+ Kg8
49.b5 Rf7 50.Qe8+ Kg7 51.b6 Qd7 52.Qxd7 Rxd7 53.Rc1 Kf6 54.Rc7 Ke6 55.b7 
Rd1+ 56.Kg2 Rb1 57.Kf3 Kd6 58.Rg7 Rb3+ 59.Ke4 Rb4+ 60.Kd3 g5 61.Kc3 Rb1 
62.Kc2 Rb4 63.f4 gxf4 64.Kc3 Rb1 65.gxf4 Ke6 66.Kc2 Rb4 67.Kd3 Rb3+ 68.Kc4
Rb1 69.Kc3 Kf5 70.Rf7+ Kg6 71.Rd7 h5 72.Kc2 Rb4 73.Kd2 Rb3 74.Kd1 h4 75.
Kc2 Rb4 76.Kc3 Rb1 77.Kc4 Rb2 78.Kd4 h3 79.Kc3 Rb1 80.Rd3 Kf5 81.Rxh3 Rxb7
82.Rh4 Ke4 83.Kc4 Rc7+ 84.Kb5 Rc3 85.Kb4 Rc2 86.Kb3 Rc6 87.Ka4 Rb6 88.Ka5 
Rb2 89.Ka6 Rb8 {+0.06} 1/2-1/2

[Event "Oldie Clash (2h/40)"]
[Site "Hannover"]
[Date "2014.04.27"]
[Round "6"]
[White "Fidelity Excellence 3MHz"]
[Black "Fidelity Elite A/S Budapest"]
[Result "1/2-1/2"]
[WhiteElo "1843"]
[BlackElo "1706"]
[EventDate "2013.06.21"]

1.c4 c5 2.Nf3 Nf6 {Letzter Buchzug Schwarz} 3.Nc3 {Letzter Buchzug Weiss} 
3...Nc6 4.e4 e5 5.d3 d6 6.Bd2 Nd4 7.Nxd4 cxd4 8.Nd5 Nxd5 9.cxd5 Qb6 10.
Qa4+ Bd7 11.Qa3 Be7 12.Rc1 O-O 13.f4 exf4 14.Bxf4 f5 15.g3 Rac8 16.Bh3 
Rxc1+ 17.Bxc1 Qc7 18.Bf4 Qc2 19.O-O Bb5 20.Bxd6 Bxd6 21.Qxd6 Qxd3 22.e5 
Qe3+ 23.Rf2 Qc1+ 24.Kg2 Bd3 25.Bg4 Be4+ 26.Bf3 Bxf3+ 27.Kxf3 Qh1+ 28.Ke2 
Qe4+ 29.Kf1 Qh1+ 30.Ke2 Qe4+ 31.Kf1 Qh1+ ( { [Stockfish DD 64 SSE4.2] 
30:-30.14} 31...d3 32.Rf4 Qe2+ 33.Kg1 d2 34.Rf1 d1=Q 35.Rxd1 Qxd1+ 36.Kg2 
Qd2+ 37.Kg1 f4 38.gxf4 Qxf4 39.Qxf8+ Kxf8 40.e6 Qd4+ 41.Kf1 Qxb2 42.h3 
Qxa2 43.Kg1 Qxd5 44.Kh2 Qxe6 45.Kg3 Qe3+ 46.Kg4 ) 32.Ke2 1/2-1/2

[Event "Oldie Clash (2h/40)"]
[Site "Hannover"]
[Date "2014.04.30"]
[Round "7"]
[White "Fidelity Elite A/S Budapest"]
[Black "Mephisto Rebell 5.0"]
[Result "1/2-1/2"]
[WhiteElo "1706"]
[BlackElo "1893"]
[EventDate "2013.06.21"]

1.e4 c5 2.Nf3 d6 3.d4 cxd4 4.Nxd4 Nf6 5.Nc3 Nc6 {Letzter Buchzug Schwarz} 
6.Bg5 {Letzter Buchzug Weiss} 6...Bg4 7.Nxc6 bxc6 8.Be2 Bxe2 9.Qxe2 Rb8 
10.O-O-O Qa5 11.Bxf6 exf6 12.Qc4 Qb6 13.Na4 Qc7 14.Kb1 Be7 15.h4 O-O 16.h5
Rfc8 17.Qc3 Rb5 18.h6 Ra5 19.Rd4 Rg5 20.g3 f5 21.f4 Rg4 22.Qf3 Qd7 23.Nc5 
fxe4 24.Qxe4 Qe8 25.hxg7 Rxg7 26.Nd3 d5 27.Qf5 Bd6 28.Ne5 Rd8 29.Rdd1 Bxe5
30.fxe5 c5 31.Qf4 Qe7 32.g4 Qg5 33.Qa4 Qe7 34.Rh5 Qe6 35.Qxa7 Qxg4 36.Rhh1
Rc8 37.Rxd5 Qe4 38.Rdd1 Rg2 39.Rc1 Rxc2 40.Rhg1+ Rg2+ 41.Ka1 Rg6 42.Qe7 
Qe3 43.Rh1 Rg7 44.Qd7 Rf8 45.Qd5 Rc8 46.Rhd1 h6 47.Kb1 Rg3 48.Rc3 Qf2 49.
Qd7 Rf8 50.Rc2 Qe3 51.Qc7 Rg1 52.Rxg1+ Qxg1+ 53.Rc1 Qg6+ 54.Ka1 Ra8 55.
Qxc5 Rd8 56.Rg1 Kh8 57.a4 Qa6 58.a5 Qe2 59.Qc6 Kh7 60.Qc7 Rd1+ 61.Rxd1 
Qxd1+ 62.Ka2 Qa4+ 63.Kb1 Kg7 64.Qc3 Qd1+ 65.Qc1 Qd3+ 66.Qc2 Qf1+ 67.Ka2 
Qb5 68.Qc3 Qa4+ 69.Qa3 Qc4+ 70.Qb3 Qe2 71.Qd5 h5 72.Qd6 Qc4+ 73.Ka3 h4 74.
a6 Qb5 75.b4 h3 76.a7 Qb7 77.Qd4 ( { [Stockfish DD 64 SSE4.2] 27:+14.40} 
77.Qf6+ Kh7 78.Qh4+ Kg7 79.Qg4+ Kf8 80.Qd4 Ke8 81.e6 Qa6+ 82.Kb3 Qxe6+ 83.
Kc3 Qc6+ 84.Kd3 Qa6+ 85.Ke3 Qa3+ 86.Kf4 Qa6 87.a8=R+ ) 77...h2 78.e6+ Kg6 
79.e7 ( { [Stockfish DD 64 SSE4.2] 29:+0.00} 79.Qd3+ f5 80.Qg3+ Kf6 81.
Qh4+ Kxe6 82.Qh6+ Kd5 83.Qd2+ Ke6 84.Qh6+ ) 79...Qa6+ 80.Kb3 h1=Q 81.Qg4+ 
Kf6 82.e8=N+ Ke7 83.Qg5+ Kf8 84.Qg7+ Kxe8 85.Qg8+ Ke7 86.Qg5+ Kd7 87.Qd2+ 
Kc6 88.a8=Q+ Qxa8 89.Qc2+ Kb7 90.Qd3 Qaa1 91.Qb5+ Ka7 92.Qc5+ Ka6 93.Qc4+ 
Kb6 94.Qc5+ Kb7 95.Qb5+ Kc7 96.Qc4+ Kb8 97.Qb5+ Ka8 98.Qe8+ Kb7 99.Qb5+ {
Rebell 5.0 erkennt die dreifache Stellungswiederholung nicht, die vom 
Elite korrekt reklamiert wurde, und möchte hier mit einer Bewertung von 
+9.61 weiterspielen...} 1/2-1/2

[Event "Oldie Clash (2h/40)"]
[Site "Hannover"]
[Date "2014.05.06"]
[Round "7"]
[White "Mephisto Monte Carlo IV"]
[Black "Fidelity Excellence 3MHz"]
[Result "1-0"]
[WhiteElo "1921"]
[BlackElo "1843"]
[EventDate "2013.06.21"]

1.d4 Nf6 2.c4 e6 3.Nc3 Bb4 4.Qc2 d5 5.a3 Bxc3+ 6.Qxc3 Ne4 7.Qc2 c5 8.dxc5 
Nc6 9.e3 Qa5+ {Letzter Buchzug Schwarz} 10.Bd2 Qxc5 11.b4 Qe7 12.Bc1 {
Letzter Buchzug Weiss} 12...O-O 13.Bb2 Bd7 14.Bd3 f5 15.Ne2 dxc4 16.Bxe4 
fxe4 17.Qxc4 Be8 18.Nf4 Bd7 19.O-O a5 20.bxa5 Rxa5 21.Rac1 Qf7 22.Rfd1 Rf5
23.Rc2 g5 24.Rcd2 Bc8 25.Nh3 g4 26.Nf4 e5 27.Qxf7+ R8xf7 28.Nd5 Rg5 29.Nb4
Nxb4 30.Rd8+ Rf8 31.Rxf8+ Kxf8 32.Rd8+ Kf7 33.Rxc8 Nd5 34.Rc4 Ke6 35.Rxe4 
b5 36.Kf1 Rf5 37.Ke2 h5 38.f4 gxf3+ 39.gxf3 Kd6 40.h4 Nc7 41.f4 exf4 42.
exf4 Kd7 43.Kf3 Nd5 44.Be5 Ke6 45.Re1 Nf6 46.Rc1 Ng4 47.Rc6+ Kd7 48.Rd6+ 
Ke7 49.Ke4 Rf6 50.Bxf6+ Kxd6 51.Bg5 Kd7 52.Kf5 Ne3+ 53.Kg6 Ke6 54.Bh6 Ke7 
55.f5 Nc4 56.Bf4 Nb6 57.f6+ Ke6 58.f7 Nd7 59.Kg7 Kf5 60.Bg5 Ke5 61.f8=Q 
Nxf8 62.Kxf8 Ke4 63.Kg7 Kf5 64.Kh6 Ke4 65.Kxh5 Kf5 66.Kh6 Ke6 67.Kg6 Kd5 
68.Bd2 Kd4 69.Kf5 Kd3 70.Bb4 Ke2 71.Ke4 Kf2 72.h5 Kg3 73.h6 Kg4 74.h7 Kg3 
75.h8=Q Kg2 76.Qe5 Kh3 77.Kf3 Kh4 78.Qxb5 Kh3 79.Qh5# 1-0

[Event "Oldie Clash (2h/40)"]
[Site "Hannover"]
[Date "2014.06.06"]
[Round "7"]
[White "Mephisto MM II"]
[Black "SciSys Turbostar 432 KSO"]
[Result "1-0"]
[WhiteElo "1840"]
[BlackElo "1825"]
[EventDate "2013.06.21"]

1.e4 e6 2.d4 d5 3.Nc3 Bb4 4.e5 c5 5.Bd2 Nc6 6.Nb5 Bxd2+ 7.Qxd2 Nxd4 {
Letzter Buchzug Schwarz} 8.Nxd4 cxd4 9.f4 {Letzter Buchzug Weiss} 9...Ne7 
10.Nf3 O-O 11.Nxd4 f6 12.exf6 Rxf6 13.Bd3 Qb6 14.c3 Bd7 15.O-O Nc6 16.Kh1 
Nxd4 17.cxd4 Rc8 18.Rac1 Rff8 19.Bc2 Bb5 20.Rfe1 Rc4 21.Rcd1 Rc7 22.a4 Ba6
23.b3 Qd6 24.b4 Qxf4 25.b5 Bxb5 26.axb5 Qxd2 27.Rxd2 Rc4 28.Bd3 Ra4 29.g3 
Rf6 30.Rc1 g6 31.Rc8+ Rf8 32.Rxf8+ Kxf8 33.Be2 a6 34.bxa6 bxa6 35.Kg2 Ke7 
36.Kf3 Kd6 37.Bd1 Rc4 38.Ke2 e5 39.dxe5+ Kxe5 40.Ra2 Rb4 41.Rxa6 Rb2+ 42.
Kd3 Rxh2 43.Bg4 d4 44.Re6+ Kd5 45.Re8 Kc5 46.Re5+ Kd6 47.Kxd4 Rd2+ 48.Ke4 
Rg2 49.Rd5+ Kc6 50.Bd7+ Kb6 51.Kf4 Re2 52.Ba4 Rb2 53.Kg5 Rg2 54.Rd3 Ka5 
55.Bc6 Rc2 56.Bd5 Rh2 57.Bg8 Rh3 58.Kf6 Rh2 59.Kg7 h5 60.Rd4 Rg2 61.Rd5+ 
Kb6 62.Rd6+ Kc5 63.Rxg6 Rh2 64.Rg5+ Kd6 65.Rd5+ Kc6 66.Kh6 Rh3 67.Rg5 h4 
68.Bd5+ Kd6 69.g4 Rh2 70.Rh5 h3 71.Bf3 Ke6 72.g5 Rf2 73.Rxh3 Rd2 74.g6 Rd8
75.g7 Re8 76.Rh5 Kf6 77.Bd5 Rd8 78.Bc4 Re8 79.Rh3 Rc8 80.Rf3+ Ke5 81.Rf8 
Rc6+ 82.Kg5 Rxc4 83.g8=Q 1-0

[Event "Oldie Clash (2h/40)"]
[Site "Hannover"]
[Date "2014.06.10"]
[Round "7"]
[White "Novag Super Forte A"]
[Black "Mephisto Monte Carlo I"]
[Result "1/2-1/2"]
[WhiteElo "1963"]
[BlackElo "1888"]
[EventDate "2013.06.21"]

1.e4 e6 2.d4 d5 3.Nc3 Bb4 {Letzter Buchzug Schwarz} 4.Qd3 dxe4 5.Qxe4 {
Letzter Buchzug Weiss} 5...Bxc3+ 6.bxc3 Nf6 7.Qf3 Nc6 8.Bg5 O-O 9.Bb5 Bd7 
10.Ne2 Rb8 11.O-O Ne7 12.c4 Bxb5 13.cxb5 Qd5 14.Qxd5 Nexd5 15.c4 Ne4 16.
cxd5 Nxg5 17.Rac1 exd5 18.Nf4 Ne6 19.Nxe6 fxe6 20.Rxc7 Rf4 21.Rd1 Rf7 22.
Rdc1 Rf4 23.Rd1 g5 24.Re7 Rc8 25.f3 g4 26.Rxb7 gxf3 27.gxf3 Rf7 28.Rxf7 
Kxf7 29.Rd2 Kf6 30.Kf2 Rc4 31.a3 Rc3 32.a4 Ra3 33.Rb2 Rxa4 34.Ke3 Kf5 35.
Rb3 e5 36.dxe5 Kxe5 37.Rb2 h5 38.Re2 Ra3+ 39.Kf2+ Kf4 40.Kg2 Rxf3 41.Rd2 
Ke4 42.Re2+ Re3 43.Ra2 Rb3 44.Rxa7 Rxb5 45.Re7+ Kf4 46.Rf7+ Kg5 47.Kf3 Rb2
48.Ke3 Rxh2 49.Rd7 h4 50.Rxd5+ Kg4 51.Rd8 h3 52.Rg8+ Kf5 53.Rf8+ Kg6 54.
Rh8 Kg7 55.Rh4 Kf6 56.Kf4 Rh1 57.Kg3 Kf5 58.Rh6 Ke4 59.Rh5 Ke3 60.Rd5 h2 
61.Re5+ Kd2 62.Rh5 Ke2 63.Kg2 Rg1+ 64.Kxh2 1/2-1/2

[Event "Oldie Clash (2h/40)"]
[Site "Hannover"]
[Date "2014.06.15"]
[Round "7"]
[White "Fidelity Par Excellence"]
[Black "Mephisto MM IV"]
[Result "1/2-1/2"]
[WhiteElo "1911"]
[BlackElo "1967"]
[EventDate "2013.06.21"]

1.d4 d5 2.Nf3 e6 {Letzter Buchzug Schwarz} 3.Bf4 Bd6 4.e3 Bxf4 5.exf4 {
Letzter Buchzug Weiss} 5...Ne7 6.Bb5+ Bd7 7.Bxd7+ Nxd7 8.Nc3 O-O 9.O-O c5 
10.Qd3 c4 11.Qd2 Rc8 12.Rab1 a6 13.Rfe1 Nf5 14.b3 cxb3 15.cxb3 b5 16.Rbc1 
Nb6 17.a4 b4 18.Ne2 Rxc1 19.Rxc1 a5 20.Qd3 Nd7 21.Qa6 Re8 22.Ne5 Nb8 23.
Qa7 Ne7 24.Qb7 f6 25.Nd3 Qd6 26.Qa8 Nec6 27.Nc5 Qc7 28.Na6 Qa7 29.Qxa7 
Nxa7 30.Nxb8 Rxb8 31.Rc5 Rc8 32.Rxa5 Rc2 33.Kf1 Nc6 34.Ra6 Kf7 35.Rb6 Na5 
36.Rxb4 Rb2 37.Ke1 Rxb3 38.Rb5 Rxb5 39.axb5 Nc4 40.Nc3 Nb6 41.Ne2 Nc4 42.
f3 Ke7 43.Nc3 Nb6 44.Na2 Kd6 45.Nb4 e5 46.dxe5+ fxe5 47.fxe5+ Kxe5 48.Na6 
Kd4 49.Nc7 g6 50.Kd2 Kc4 51.f4 Kd4 52.g4 Ke4 53.Ne6 d4 54.Ke1 Ke3 55.f5 d3
56.Nc7 d2+ 57.Kd1 gxf5 58.gxf5 Nc4 59.Nd5+ Kd3 60.Nb4+ Kc3 61.Nd5+ Kd3 62.
Nb4+ Kc3 63.Nd5+ Kd3 1/2-1/2

[Event "Oldie Clash (2h/40)"]
[Site "Hannover"]
[Date "2014.06.22"]
[Round "7"]
[White "Saitek Simultano C"]
[Black "Mephisto B&P"]
[Result "1-0"]
[WhiteElo "1849"]
[BlackElo "1757"]
[EventDate "2013.06.21"]

1.e4 e5 2.Nf3 Nc6 3.Bb5 a6 4.Ba4 f5 5.d4 exd4 6.e5 {Letzter Buchzug Weiss}
6...Bc5 {Letzter Buchzug Schwarz} 7.c3 dxc3 8.Nxc3 Nge7 9.Bf4 d5 10.Bxc6+ 
bxc6 11.Qd3 O-O 12.O-O Ba7 13.Rfd1 Rb8 14.b3 Bb7 15.Rac1 Qe8 16.Na4 Ng6 
17.Be3 Bxe3 18.Qxe3 f4 19.Qd4 Rf5 20.Re1 Ba8 21.Nc5 Rb6 22.h3 Rh5 23.b4 
Nh4 24.Nxh4 Rxh4 25.a4 Qc8 26.e6 a5 27.Qe5 Rxb4 28.e7 Re4 29.e8=Q+ Qxe8 
30.Qxe8+ Rxe8 31.Rxe8+ Kf7 32.Rxa8 f3 33.Rc8 fxg2 34.Rxc7+ Kg8 35.Ne6 Rxa4
36.R1xc6 Rc4 37.Rxg7+ Kh8 38.Ra7 Kg8 39.Rd6 Rc8 40.Kxg2 Ra8 41.Rxa8+ Kf7 
42.Nc5 h5 43.Rb6 d4 44.Ra7+ Kf8 45.Rb8# 1-0

[Event "Oldie Clash (2h/40)"]
[Site "Hannover"]
[Date "2014.06.24"]
[Round "7"]
[White "Mephisto Mega IV"]
[Black "Saitek Turbo King B (EGR)"]
[Result "1-0"]
[WhiteElo "1907"]
[BlackElo "1849"]
[EventDate "2013.06.21"]

1.d4 Nf6 2.c4 g6 3.Nc3 Bg7 4.e4 O-O 5.Nf3 c5 6.d5 {Letzter Buchzug Weiss} 
6...d6 {Letzter Buchzug Schwarz} 7.Be2 Na6 8.Bf4 Nd7 9.O-O Qa5 10.Qd2 Nb6 
11.Bh6 Bxc3 12.bxc3 Re8 13.Rfd1 Bg4 14.Qf4 Bxf3 15.Qxf3 Rab8 16.a3 Nc7 17.
Qd3 Na4 18.Rdc1 Nb6 19.Rcb1 Na4 20.Rb3 Nb6 21.Rab1 Ra8 22.Qf3 Rab8 23.Bd3 
Qa4 24.h3 Nxc4 25.Bxc4 Qxc4 26.Rxb7 Rxb7 27.Rxb7 Nb5 28.Qg4 Nxc3 29.Qd7 ( 
{ [Stockfish DD 64 SSE4.2] 30:+6.28} 29.Rxe7 Qa4 30.Qh4 Nxe4 31.f3 f6 32.
Qxe4 Qxe4 33.Rg7+ Kh8 34.fxe4 c4 35.Rc7 Kg8 36.Rxc4 ) 29...Qa4 30.Qxa4 
Nxa4 31.Bg5 f6 32.Bd2 a6 33.f3 f5 34.Ra7 fxe4 35.fxe4 Nb2 36.Rxa6 Nc4 37.
Be1 Rb8 38.Ra4 Rb1 39.Rxc4 Rxe1+ 40.Kf2 Ra1 41.a4 Kf7 42.Kf3 Kf6 43.Kf4 h6
44.h4 Ra3 45.g3 e6 46.dxe6 Kxe6 47.g4 Rh3 48.Rc1 Rxh4 49.Kg3 g5 50.a5 h5 
51.gxh5 Rxe4 52.Ra1 Re3+ 53.Kg4 c4 ( { [Stockfish DD 64 SSE4.2] 30:+0.00} 
53...Kf6 54.a6 Re4+ 55.Kf3 Re8 56.Rd1 Ra8 57.Rxd6+ Kf5 58.Rg6 g4+ 59.Ke3 
c4 60.Kd4 g3 61.Kxc4 g2 62.Rxg2 Rxa6 ) 54.a6 Re4+ 55.Kxg5 Kd5 56.a7 Re5+ 
57.Kg6 Re8 58.a8=Q+ Rxa8 59.Rxa8 c3 60.h6 c2 61.Rc8 c1=Q 62.Rxc1 1-0

[Event "Oldie Clash (2h/40)"]
[Site "Hannover"]
[Date "2014.07.04"]
[Round "8"]
[White "Mephisto Rebell 5.0"]
[Black "Saitek Turbo King B (EGR)"]
[Result "0-1"]
[WhiteElo "1893"]
[BlackElo "1849"]
[EventDate "2013.06.21"]

1.c4 c5 2.Nf3 Nf6 3.Nc3 {Letzter Buchzug Weiss} 3...e6 4.e4 Nc6 {Letzter 
Buchzug Schwarz} 5.Be2 d5 6.cxd5 exd5 7.exd5 Nxd5 8.O-O Be7 9.Bb5 O-O 10.
Bxc6 bxc6 11.Ne5 Bd6 12.Re1 Qc7 13.Nf3 Rb8 14.Ne4 Bg4 15.Nxd6 Qxd6 16.h3 
Bh5 17.a3 Rfe8 18.Rxe8+ Rxe8 19.g4 Bg6 20.d3 Qf6 21.a4 h6 22.Ra3 Bh7 23.g5
hxg5 24.Nxg5 Bf5 25.Kh1 Nb4 26.Kh2 Nxd3 27.Qd2 Qe5+ 28.Kg2 Qd5+ 29.f3 f6 
30.Ne4 Bxe4 31.fxe4 Qxe4+ 32.Kg3 Qg6+ 33.Kh2 Nf4 34.Rg3 Re2+ 35.Qxe2 Qxg3+
36.Kxg3 Nxe2+ 37.Kf2 Nxc1 38.Ke3 c4 39.Kd4 Nd3 40.Kxc4 Nxb2+ 41.Kb3 Nd3 
42.Kc4 Ne5+ 43.Kd4 Kf7 44.Ke4 Ke6 45.h4 Kd6 46.h5 Kc5 47.Kf5 Kb4 48.h6 
gxh6 49.Kxf6 Nd3 50.a5 c5 51.Kf5 c4 52.Ke4 h5 0-1

[Event "Oldie Clash (2h/40)"]
[Site "Hannover"]
[Date "2014.07.05"]
[Round "8"]
[White "Mephisto B&P"]
[Black "Mephisto Mega IV"]
[Result "1-0"]
[WhiteElo "1757"]
[BlackElo "1907"]
[EventDate "2013.06.21"]

1.Nf3 d5 2.g3 c5 3.Bg2 Nc6 {Letzter Buchzug Schwarz} 4.O-O {Letzter 
Buchzug Weiss} 4...e5 5.d3 Nf6 6.e4 Bg4 7.exd5 Nxd5 8.Bg5 Be7 9.Bxe7 Qxe7 
10.c4 Nb6 11.Nc3 Rd8 12.Qb1 Bf5 13.Ne4 Bxe4 14.dxe4 Nxc4 15.Qc2 b5 16.a4 
Nb4 17.Qe2 a6 18.axb5 axb5 19.Rfc1 Nd3 20.Rd1 Ndxb2 21.Rxd8+ Qxd8 22.Nxe5 
O-O 23.Nc6 Qd6 24.e5 Qd3 25.Qe1 Nd2 ( { [Stockfish DD 64 SSE4.2] 30:-0.62}
25...Re8 26.Be4 Qd2 27.Qxd2 Nxd2 ) 26.e6 Nf3+ 27.Bxf3 Qxf3 28.Ne5 Qd5 29.
exf7+ Kh8 30.Ra7 Nd3 $2 31.Nxd3 h6 32.Nf4 Qf5 33.Qe8 Qxf7 34.Qxf7 Rxf7 35.
Rxf7 g5 36.Ne6 c4 37.Rc7 h5 38.Nxg5 b4 39.Rxc4 b3 40.Rb4 Kg7 41.Ne6+ Kf6 
42.Nf4 h4 43.gxh4 Kg7 44.Rb6 1-0